<?xml version="1.0" encoding="UTF-8"?>
<marc:record xmlns:marc="http://www.loc.gov/MARC21/slim">
   <marc:leader>00000nam a2200000 a 4500</marc:leader>
   <marc:datafield ind1="1" ind2=" " tag="100">
      <marc:subfield code="a">Hurst, Heidrun</marc:subfield>
      <marc:subfield code="4">aut</marc:subfield>
      <marc:subfield code="e">Verfasser/-in</marc:subfield>
   </marc:datafield>
   <marc:datafield ind1="0" ind2="0" tag="245">
      <marc:subfield code="a">Mord auf der Klosterinsel</marc:subfield>
   </marc:datafield>
   <marc:datafield ind1="0" ind2="0" tag="245">
      <marc:subfield code="b">historischer Kriminalroman</marc:subfield>
   </marc:datafield>
   <marc:datafield ind1="0" ind2="0" tag="245">
      <marc:subfield code="c">Heidrun Hurst</marc:subfield>
   </marc:datafield>
   <marc:datafield ind1=" " ind2="1" tag="264">
      <marc:subfield code="a">Köln</marc:subfield>
      <marc:subfield code="b">emons:</marc:subfield>
      <marc:subfield code="c">2025</marc:subfield>
   </marc:datafield>
   <marc:datafield ind1="1" ind2=" " tag="520">
      <marc:subfield code="a">Die Klosterinsel als Schauplatz einer tödlichen Verbrechensserie. Ein historischer Bodenseekrimi aus der Karolingerzeit. Auf der Klosterinsel Reichenau kommen mehrere Menschen auf grausame Weise zu Tode. Die Opfer haben gemeinsam, dass sie sonderbare Verletzungen an der Kehle aufweisen. Abt Walahfrid Strabo will den Gerüchten, die Taten seien einem Werwolf zuzuschreiben, Beweise entgegensetzen und begibt sich zusammen mit seiner Nichte Lindberga auf die Suche nach dem Mörder. Dabei geraten sie in einen Strudel aus Verleumdung und tödlicher Gefahr &#x96; denn bald wird klar, dass der Täter noch immer auf der Insel ist</marc:subfield>
   </marc:datafield>
   <marc:datafield ind1=" " ind2=" " tag="020">
      <marc:subfield code="a">9783740825805</marc:subfield>
      <marc:subfield code="9">9783740825805</marc:subfield>
   </marc:datafield>
   <marc:datafield ind1=" " ind2=" " tag="041">
      <marc:subfield code="a">ger</marc:subfield>
   </marc:datafield>
   <marc:datafield ind1=" " ind2=" " tag="300">
      <marc:subfield code="a">317 Seiten</marc:subfield>
   </marc:datafield>
</marc:record>
